Statistics for Similar-sized countries #7 - Romania

Click here to take the quiz!

General Stats

  • This quiz has been taken 57 times
  • The average score is 6 of 10

Answers on the Map

Answers color-coded by a green-red scale on the quiz's map according to % correct below.
 

Answer Stats

Area size (sq. km)Country% Correct
202,900Belarus
91%
241,930United Kingdom
80%
227,533Ghana
63%
256,369Ecuador
59%
257,667Gabon
59%
230,800Laos
57%
245,717Guinea
52%
262,443New Zealand
52%
196,849Guyana
50%
197,100Uganda
50%

Score Distribution

Percentile by Number Answered

Percent of People with Each Score

Your Score History

You have not taken this quiz